|
|
|
|
| LEADER |
00000nab a2200000 a 4500 |
| 001 |
vtls009325297 |
| 003 |
SK-MaSNL |
| 005 |
20260303044809.0 |
| 008 |
140302c1976 xo |r|p|||||||000 b|slo |
| 015 |
|
|
|a SNBRB1976
|
| 038 |
|
|
|a SNKBUCL
|
| 040 |
|
|
|a SNKBUCL
|b slo
|c SNKBUCL
|e AACR2
|
| 041 |
|
|
|a slo
|
| 044 |
|
|
|a xo
|c SK
|
| 080 |
|
|
|a 792.079:792.077
|2 1997
|
| 080 |
|
|
|a 792.077
|2 1997
|
| 245 |
0 |
0 |
|a Deviata Palárikova Raková
|c [autor] -Elma-
|
| 611 |
2 |
7 |
|a Paláriková Raková
|n (9. :
|d 1976 :
|c Raková, Slovensko)
|2 snkbucl
|9 1034414
|
| 651 |
|
7 |
|a Raková (Slovensko)
|2 snkbucl
|9 29543
|
| 773 |
0 |
|
|t Učiteľské noviny
|g Roč. 26, č. 21 (1976), s. 10
|
| 852 |
|
|
|a SNK
|b KIS3GCP
|
| 958 |
|
|
|a SK
|
| 999 |
|
|
|c 1701539
|d 1703469
|